| 000 | 00650nam a2200193 a 4500 | ||
|---|---|---|---|
| 001 | 000024028 | ||
| 005 | 20210616135554.0 | ||
| 008 | 110118s2010 dr a 000 0 spa d | ||
| 020 | _a9789945163711 | ||
| 040 |
_aDO-SdBNP _bspa _cBNPHU |
||
| 082 |
_axxxx _bN714p |
||
| 100 | 1 |
_aNina Gómez, Carlos _96492 |
|
| 245 | 1 | 3 |
_aEl poder del deporte une a los pueblos : _b(su verdad oculta) / _cCarlos Nina Gómez ; prólogo José Joaquín Puello Herrera. |
| 260 |
_aSanto Domingo : _bBúho, _c2010. |
||
| 300 |
_a198 p. : _bil. ; _c23 cm. |
||
| 504 | _aBibliografía: p. 197-198 | ||
| 700 | 1 |
_aPuello Herrera, José Joaquín, _epról. _949371 |
|
| 049 | _aBNPD | ||
| 999 |
_c23523 _d23523 |
||